Loading...
| Fine Arts - Auditory | 2 | 1 | 0 | 0 | 40 | 45 | 75.00 | 0 | 3 | 0.00 | 0.00 |
| Beliefs | 1 | 1 | 0 | 1 | 25 | 52 | 83.00 | 1 | 1 | 0.00 | 0.00 |
| Science - Biology | 1 | 1 | 0 | 0 | 25 | 87 | 88.50 | 1 | 2 | 0.00 | 0.00 |
| 0 | 2 | 0 | 1 | 20 | 132 | 140.00 | 0 | 1 | 0.00 | 0.00 | |
| Fine Arts - Visual | 0 | 2 | 0 | 2 | 20 | 106 | 125.50 | 0 | 0 | 0.00 | 0.00 |
| Philosophy | 0 | 2 | 0 | 2 | 20 | 149 | 150.50 | 0 | 2 | 0.00 | 0.00 |
| Other Arts: Auditory | 0 | 2 | 1 | 0 | 15 | 104 | 117.50 | 0 | 2 | 0.00 | 0.00 |
| Literature - British | 0 | 1 | 0 | 0 | 10 | 120 | 120.00 | 0 | 0 | 0.00 | 0.00 |
| Literature - European | 0 | 1 | 0 | 0 | 10 | 92 | 92.00 | 0 | 1 | 0.00 | 0.00 |
| Other Arts: Visual | 0 | 1 | 0 | 0 | 10 | 93 | 93.00 | 0 | 1 | 0.00 | 0.00 |
| Other Science: Earth Science | 0 | 1 | 0 | 0 | 10 | 78 | 78.00 | 0 | 1 | 0.00 | 0.00 |
| Chemistry> | 0 | 1 | 0 | 0 | 10 | 140 | 140.00 | 0 | 0 | 0.00 | 0.00 |
| Religion | 0 | 1 | 0 | 0 | 10 | 106 | 106.00 | 0 | 1 | 0.00 | 0.00 |
| Current Events | 0 | 1 | 0 | 0 | 10 | 78 | 78.00 | 0 | 1 | 0.00 | 0.00 |
| Social Science | 0 | 1 | 0 | 0 | 10 | 77 | 77.00 | 1 | 1 | 0.00 | 0.00 |
| Literature - American | 0 | 2 | 2 | 0 | 10 | 98 | 103.00 | 0 | 1 | 0.00 | 0.00 |
| History - European | 0 | 1 | 0 | 0 | 10 | 93 | 93.00 | 0 | 1 | 0.00 | 0.00 |